1753 1304 1943 1546 1631 1192 1341 1987 1838 1297 1260 1248 1909 1668 1978 1270 1301 1837 1182 1090 1589 1955 1162 1917 1266 1751 1442 1491 1593 1302 1928 1301 1147 1472 1519 1142 1846 1038 1037 1007 1167 1829 1757 1961 1479 1920 1836 1635 1357 1312 1671 1985 1552 1524 1977 1893 1290 1755 1041 1396 1978 1927 1536 1797 1669 1770 1565 1856 1777 1707 1913 1899 1321 1249 1368 1884 1962 1160 1371 1391 1066 1380 1916 1749 1617 1447 1055 1732 2000 1740 1627 1714 1433 1085 1831 1845 1638 1529 1461 BCNSPRNW ULIB Ver.6.0+V

เปลี่ยนเป็นภาษาไทย

Change to English
 แสดงรายละเอียดบรรณานุกรม
  กลับหน้าหลัก

Brief Record : Get Marc (ISO 2709) : E-mail record : QR code < ปิดหน้าต่าง
LEADER : 00000nam 2200000uu 4500
001    13399128830
003     ULIB
008    241009s2566||||th 000 0 tha d
020    ^a9786164821132
060 04 ^aWA590^bอ864ก
100 0  ^aอุษา บิ้กกิ้นส์
245 10 ^aการสื่อสารเพื่อความรอบรู้ด้านสุขภาพชุมชน /^cอุษา บิ้กกิ้นส์
250    ^aพิมพ์ครั้งที่ 1
260    ^aกรุงเทพฯ :^bสำนักพิมพ์สถาบันบัณฑิตพัฒนบริหารศาสตร์,^c2566
300    ^a211 หน้า :^bภาพประกอบ ;^c26 ซม.
650  4 ^aการสื่อสารทางการแพทย์
650  4 ^aการส่งเสริมสุขภาพ
945    ^p500^l0^i011037
945    ^p500^l0^i011038
945    ^p500^l0^i011039
945    ^p500^l0^i011040
999    ^aประนอม เกษจรัล
รายการนี้ยังไม่มีแท็ก
คุณยังไม่ได้ล็อกอิน คุณสามารถมีกิจกรรมร่วมกับเว็บไซต์ได้ แต่ต้องล็อกอินก่อน ::
  ล็อกอิน

รายการสื่อสารสนเทศ

ลำดับที่ ประเภท เลขเรียก/บาร์โค้ด สถานที่ สถานะ
1. Book การพยาบาล
หนังสือสำรอง
สถานะ=หนังสือสำรอง
WA590 อ864ก ฉ.1 
  Barcode: 011037
ห้องสมุดวิทยาเขตสวรรค์ประชารักษ์
►หนังสือทั่วไป
บนชั้น
2. Book การพยาบาล
Book การพยาบาล
WA590 อ864ก ฉ.2 
  Barcode: 011038
ห้องสมุดวิทยาเขตสวรรค์ประชารักษ์
►หนังสือทั่วไป
บนชั้น
3. Book การพยาบาล
Book การพยาบาล
WA590 อ864ก ฉ.3 
  Barcode: 011039
ห้องสมุดวิทยาเขตสวรรค์ประชารักษ์
►หนังสือทั่วไป
บนชั้น
4. Book การพยาบาล
Book การพยาบาล
WA590 อ864ก ฉ.4 
  Barcode: 011040
ห้องสมุดวิทยาเขตสวรรค์ประชารักษ์
►หนังสือทั่วไป
บนชั้น

รายการใกล้เคียง
    หัวเรื่อง [การสื่อสารทางการแพทย์]
    หัวเรื่อง [การส่งเสริมสุขภาพ]

BibComment


ยังไม่เคยถูกคอมเมนท์

คอมเมนท์ทรัพยากรรายการนี้
  คอมเมนท์: การสื่อสารเพื่อค..


 Copyright 2026. Bcnsprnw @Library